BIDGOLI MIS6: MANAGEMENT INFORMATION SYSTEMS (Record no. 215936)

MARC details
000 -LEADER
fixed length control field 00538nam a22001817a 4500
008 - FIXED-LENGTH DATA ELEMENTS--GENERAL INFORMATION
fixed length control field 250718b |||||||| |||| 00| 0 eng d
020 ## - INTERNATIONAL STANDARD BOOK NUMBER
International Standard Book Number 978-1-305-63200-4
050 ## - LIBRARY OF CONGRESS CALL NUMBER
Classification number HD 30.213 .B 53 2016
100 ## - MAIN ENTRY--PERSONAL NAME
Personal name BIDGOLI, HOSSEIN
245 ## - TITLE STATEMENT
Title BIDGOLI MIS6: MANAGEMENT INFORMATION SYSTEMS
250 ## - EDITION STATEMENT
Edition statement 6
260 ## - PUBLICATION, DISTRIBUTION, ETC.
Place of publication, distribution, etc. BOSTON,
Name of publisher, distributor, etc. CENGAGE LEARNING,
Date of publication, distribution, etc. 2016,
300 ## - PHYSICAL DESCRIPTION
Extent X, 342 P.: ILL
500 ## - GENERAL NOTE
General note INCLUDES BIBLIOGRAPHICAL REFERENCES AND INDEX
650 ## - SUBJECT ADDED ENTRY
Topical term or geographic name entry element Management information systems
942 ## - ADDED ENTRY ELEMENTS (KOHA)
Source of classification or shelving scheme Library of Congress Classification
Koha item type Long Loan Book
Holdings
Withdrawn status Lost status Source of classification or shelving scheme Damaged status Not for loan Collection Home library Current library Shelving location Date acquired Inventory number Total checkouts Full call number Barcode Date last seen Copy number Price effective from Koha item type
    Library of Congress Classification     Business & Economics Kisii University Library Kisii University Library On Display 07/18/2025 109168   HD30.213 .B53 2016 000000024485 07/18/2025 1 07/18/2025 Long Loan Book
    Library of Congress Classification     Business & Economics Kisii University Library Kisii University Library On Display 03/06/2026 111047   HD 30.213 .B53 2016 A001688 03/06/2026 2 03/06/2026 Long Loan Book
    Library of Congress Classification     Business & Economics Kisii University Library Kisii University Library   04/27/2026 113241   HD 30.213 .B53 2016 A001411 04/27/2026 C.3 04/27/2026 Long Loan Book
    Library of Congress Classification     Business & Economics Kisii University Library Kisii University Library   04/27/2026 113242   HD 30.213 .B53 2016 A001412 04/27/2026 C.4 04/27/2026 Long Loan Book
    Library of Congress Classification     Business & Economics Kisii University Library Kisii University Library   04/27/2026 113243   HD 30.213 .B53 2016 A001414 04/27/2026 C.5 04/27/2026 Long Loan Book